Click the African Country on a Map - Statistics

General Stats
  • This quiz has been taken 1,550 times
  • The average score is 35 of 54
Answers on the Map
Answers color-coded by a green-red scale on the quiz's map according to % correct below.
 
Answer Stats
Answer % Correct
Egypt
82%
Madagascar
81%
South Africa
81%
Morocco
78%
Algeria
77%
Somalia
77%
South Sudan
77%
Sudan
77%
Tunisia
75%
Niger
73%
Ethiopia
72%
Central African Republic
71%
Democratic Republic of the Congo
71%
Libya
71%
Chad
70%
Nigeria
70%
Lesotho
68%
Cabo Verde
67%
Djibouti
67%
São Tomé and Príncipe
66%
Kenya
65%
Mali
65%
Angola
64%
Mozambique
64%
Namibia
64%
Eritrea
63%
Equatorial Guinea
62%
Seychelles
62%
Tanzania
62%
Zimbabwe
62%
Botswana
61%
Eswatini
61%
Ghana
61%
Mauritania
61%
Rwanda
61%
Comoros
60%
Republic of the Congo
60%
Cameroon
59%
Benin
58%
Mauritius
58%
Senegal
58%
Malawi
57%
Togo
56%
Uganda
56%
Burkina Faso
55%
Zambia
55%
Côte d'Ivoire
54%
Sierra Leone
53%
Burundi
52%
Guinea
52%
Gambia
51%
Guinea-Bissau
51%
Gabon
50%
Liberia
47%
No matching quizzes found
Score Distribution
Percent of People with Each Score
Percentile by Number Answered
Your Score History
You have not taken this quiz